Partially Ordered Events and Pattern Matching in Intrusion Detection Systems

Gespeichert in:
Bibliographische Detailangaben
1. Verfasser: Látka, Ondrej
Weitere Verfasser: Trelová, Jana, Vokorokos, Liberios, Vokorokosová, Renáta, 1967-
Format: Buchkapitel
Sprache:Englisch
Tags: Tag hinzufügen
Keine Tags, Fügen Sie das erste Tag hinzu!

MARC

LEADER 00000naa$a2200000$$$4500
001 0296570
005 20240502074509.7
041 0 |a eng 
044 |a SK 
245 1 0 |a Partially Ordered Events and Pattern Matching in Intrusion Detection Systems  |c Ondrej Látka, Jana Trelová, Liberios Vokorokos, Renáta Vokorokosová 
100 1 |a Látka, Ondrej 
700 1 |a Trelová, Jana 
700 1 |a Vokorokos, Liberios 
700 1 |a Vokorokosová, Renáta, 1967-